LEADER 02067nam 2200493 450 001 9910438311303321 005 20221206182011.0 024 7 $a10.4271/T-100 035 $a(CKB)4340000000240276 035 $a(CaBNVSL)mat08503657 035 $a(IDAMS)0b00006488763735 035 $a(IEEE)8503657 035 $a(MiAaPQ)EBC28983878 035 $a(Au-PeEL)EBL28983878 035 $a(EXLCZ)994340000000240276 100 $a20181229d2002 uy 101 0 $aeng 135 $aur|n||||||||| 181 $2rdacontent 182 $2isbdmedia 183 $2rdacarrier 200 10$aAlternative fuels $etransportation fuels for today and tomorrow /$fRichard L. Bechtold 205 $a1st ed. 210 1$aWarrendale, Pa. (400 Commonwealth Dr., Wallendale PA USA) :$cSociety of Automotive Engineers,$dc2002. 210 2$a[Piscataqay, New Jersey] :$cIEEE Xplore,$d[2002] 215 $a1 PDF (xv, 89 pages) $cillustrations, digital file 225 1 $aSociety of Automotive Engineers. Electronic publications. 311 $a0-7680-0907-3 311 $a0-7680-7049-X 320 $aIncludes bibliographical references. 327 $aThe Argument for Alternative Fuels -- Methanol -- Ethanol -- Propane -- Natural Gas -- Electricity -- Biodiesel -- Hydrogen -- Gas-to-Liquids. 330 3 $aAlternative Fuels examines the accepted alternative fuels, providing historical background, physical and chemical properties, production technology, and forecasts for each fuel. Alternative transportation fuels addressed include: methanol, ethanol, propane, natural gas, biodiesel, hydrogen, and electricity. 410 0$aSociety of Automotive Engineers. Electronic publications. 606 $aSpark ignition engines$xAlternative fuels 615 0$aSpark ignition engines$xAlternative fuels. 676 $a629.25/38 700 $aBechtold$b Richard L.$f1952-$0629708 801 0$bCaBNVSL 801 1$bCaBNVSL 801 2$bCaBNVSL 906 $aBOOK 912 $a9910438311303321 996 $aAlternative fuels$92808408 997 $aUNINA LEADER 01114nam a2200229 i 4500 001 991000930209707536 005 20020507104010.0 008 930517s1978 it m ||| | ita|d 035 $ab10149636-39ule_inst 035 $aLE00639300$9ExL 040 $aDip.to Fisica$beng 100 1 $aMartina, Luigi$0461912 245 10$aEquazioni del moto di reticoli non lineari unidimensionali e loro approssimazione al continuo :$bil problema delle ricorrenze di Poincaré e soluzioni solitoniche. Tesi di laurea /$claureando Luigi Martina ; relatore Giulio Soliani 260 $aLecce :$bUniversità degli studi, Lecce. Facoltà di Scienze. Corso di laurea in Fisica,$ca.a. 1977-78 300 $a236 p. :$bill. ;$c30 cm 700 1 $aSoliani, Giulio 907 $a.b10149636$b02-04-14$c27-06-02 912 $a991000930209707536 945 $aLE006 T214$g1$iLE006-T214$lle006$o-$pE0.00$q-$rn$so $t0$u0$v0$w0$x0$y.i10178673$z27-06-02 996 $aEquazioni del moto di reticoli non lineari unidimensionali e loro approssimazione al continuo$9187642 997 $aUNISALENTO 998 $ale006$b01-01-93$cm$da $e-$feng$gxx $h0$i1 LEADER 01798oam 2200517M 450 001 9910716120203321 005 20200213070935.9 035 $a(CKB)5470000002518916 035 $a(OCoLC)1065616458 035 $a(OCoLC)995470000002518916 035 $a(EXLCZ)995470000002518916 100 $a20071213d1926 ua 0 101 0 $aeng 135 $aurcn||||||||| 181 $ctxt$2rdacontent 182 $cc$2rdamedia 183 $acr$2rdacarrier 200 10$aMax Hagedorn. April 27, 1926. -- Committed to the Committee of the Whole House and ordered to be printed 210 1$a[Washington, D.C.] :$c[U.S. Government Printing Office],$d1926. 215 $a1 online resource (2 pages) 225 1 $aHouse report / 69th Congress, 1st session. House ;$vno. 1002 225 1 $a[United States congressional serial set ] ;$v[serial no. 8537] 300 $aBatch processed record: Metadata reviewed, not verified. Some fields updated by batch processes. 300 $aFDLP item number not assigned. 606 $aClaims 606 $aDefense contracts 606 $aGovernment contractors 606 $aGovernment auctions 606 $aFinance, Public 606 $aShoes 608 $aLegislative materials.$2lcgft 615 0$aClaims. 615 0$aDefense contracts. 615 0$aGovernment contractors. 615 0$aGovernment auctions. 615 0$aFinance, Public. 615 0$aShoes. 701 $aWinter$b Charles E$g(Charles Edwin),$f1870-1948$pRepublican (WY)$01387987 801 0$bWYU 801 1$bWYU 801 2$bOCLCO 801 2$bOCLCQ 906 $aBOOK 912 $a9910716120203321 996 $aMax Hagedorn. April 27, 1926. -- Committed to the Committee of the Whole House and ordered to be printed$93484137 997 $aUNINA